[Event "Beth Harmon is nomraH hteB spelled backwards"]
[Site "SchemingMind.com"]
[Date "2021.01.24"]
[Round "-"]
[White "Steven DuCharme"]
[Black "ramesse"]
[Result "0-1"]
[WhiteCountry "USA"]
[BlackCountry "SVK"]
[WhiteElo "1571"]
[WhiteRD "55"]
[BlackElo "2413"]
[BlackRD "151"]
[GameID "707324"]

1. Nf3 d5 2. e3 Nf6 3. c4 e6 4. cxd5 exd5 5. Be2 Bd6 6. O-O O-O 7. h3 c6 8. b3 Re8 9. Bb2 a5 10. d3 Bf5
11. Nbd2 h6 12. Nd4 Bh7 13. a3 Na6 14. N2f3 Nc7 15. Rc1 Nd7 16. Nxc6 bxc6 17. Rxc6 Qe7 18. e4 Rad8 19. Re1 dxe4 20. dxe4 Nc5
21. Qd4 N7e6 22. Qc4 Bxe4 23. Rxc5 Nxc5 24. Bc3 Bxf3 25. Bxf3 Qxe1+ 26. Bxe1 Rxe1+ 27. Qf1 Bh2+
0-1

[Event "Beth Harmon is nomraH hteB spelled backwards"]
[Site "SchemingMind.com"]
[Date "2021.01.24"]
[Round "-"]
[White "ramesse"]
[Black "Steven DuCharme"]
[Result "1-0"]
[WhiteCountry "SVK"]
[BlackCountry "USA"]
[WhiteElo "2413"]
[WhiteRD "151"]
[BlackElo "1571"]
[BlackRD "55"]
[GameID "707325"]

1. e4 c5 2. Nf3 Nc6 3. d4 cxd4 4. Nxd4 Nxd4 5. Qxd4 a6 6. Be2 e6 7. O-O b6 8. Nc3 h6 9. Bf4 Bb7 10. Na4 b5
11. Nb6 Rc8 12. Nxc8 Qxc8 13. a4 Nf6 14. axb5 Bc5 15. Qc3 axb5 16. Be3 d6 17. Bxb5+ Ke7 18. e5 Bxe3 19. exf6+ gxf6 20. Qxe3
1-0

[Event "Beth Harmon is nomraH hteB spelled backwards"]
[Site "SchemingMind.com"]
[Date "2021.01.26"]
[Round "-"]
[White "Steven DuCharme"]
[Black "Kenny Elliott"]
[Result "1-0"]
[WhiteCountry "USA"]
[BlackCountry "USA"]
[WhiteElo "1609"]
[WhiteRD "59"]
[BlackElo "1599"]
[BlackRD "60"]
[GameID "707369"]

1. Nf3 d5 2. g3 Nf6 3. Bg2 g6 4. O-O Bg7 5. d3 O-O 6. Re1 Nc6 7. Nbd2 e5 8. e4 Bg4 9. h3 Bxf3 10. Bxf3 d4
11. Nf1 Qd7 12. Kg2 a5 13. a3 b5 14. Bg5 Qd6 15. b3 Nd7 16. h4 f6 17. Bd2 Rf7 18. Nh2 Raf8 19. g4 Ne7 20. c4 b4
21. axb4 axb4 22. Ra4 c5 23. Qa1 f5 24. Ra6 Nc6 25. Ra8 Rxa8 26. Qxa8+ Rf8 27. Qxf8+ Nxf8 28. exf5 gxf5 29. Bd5+ Kh8 30. gxf5 Ne7
31. Be4 Bf6 32. Bg5 Bxg5 33. hxg5 Nc6 34. Ra1 Nd8 35. Ng4 Nf7 36. g6 hxg6 37. Rh1+ Kg8 38. f6 Qe6 39. f3 Qa6 40. Bd5 Qa2+
41. Kg3 Qd2 42. Nh6+ Qxh6 43. Rxh6 Nh7 44. Bxf7+ Kxf7 45. Rxh7+ Ke6 46. f7 Ke7 47. Kg4 e4 48. fxe4
1-0

[Event "Beth Harmon is nomraH hteB spelled backwards"]
[Site "SchemingMind.com"]
[Date "2021.01.25"]
[Round "-"]
[White "Kenny Elliott"]
[Black "Steven DuCharme"]
[Result "1-0"]
[WhiteCountry "USA"]
[BlackCountry "USA"]
[WhiteElo "1599"]
[WhiteRD "60"]
[BlackElo "1609"]
[BlackRD "59"]
[GameID "707370"]

1. d4 Nf6 2. c4 e6 3. Nc3 Bb4 4. Bd2 O-O 5. Nf3 Bxc3 6. Bxc3 Ne4 7. Qc2 Nxc3 8. Qxc3 b6 9. e4 Bb7 10. Bd3 d5
11. e5 Nd7 12. O-O dxc4 13. Bxc4 a6 14. Qd3 h6 15. Bb3 Re8 16. Bc2 g6 17. h4 Nf8 18. Bb3 Bd5 19. Bxd5 Qxd5 20. Rfe1 c5
21. b3 Kg7 22. Re4 Ra7 23. Rae1 b5 24. Rg4 c4 25. bxc4 bxc4 26. Qc3 a5 27. h5 Rb8 28. hxg6 fxg6 29. Nd2 h5 30. Rg5 Nh7
31. Rg3 g5 32. Ne4 Kh6 33. f3 Rd8 34. Rd1 Rg8 35. Nd6 Rgg7 36. Kf2 a4 37. Rh1 Ra6 38. Rgh3 h4 39. g3 Rxd6 40. exd6 Qxd6
41. gxh4
1-0

[Event "Beth Harmon is nomraH hteB spelled backwards"]
[Site "SchemingMind.com"]
[Date "2021.01.25"]
[Round "-"]
[White "Kenny Elliott"]
[Black "ramesse"]
[Result "0-1"]
[WhiteCountry "USA"]
[BlackCountry "SVK"]
[WhiteElo "1585"]
[WhiteRD "58"]
[BlackElo "2413"]
[BlackRD "151"]
[GameID "707371"]

1. d4 d5 2. c4 c6 3. Nc3 Nf6 4. Bg5 e6 5. e3 Nbd7 6. Nf3 Qa5 7. cxd5 Nxd5 8. Qc2 Bb4 9. Bd3 Nxc3 10. O-O Nd5
11. Bxh7 Bd6 12. Be4 Nb4 13. Qb3 Bxh2+ 14. Nxh2 Qxg5 15. f4 Qg3 16. Rf3 Qxh2+ 17. Kf2 Nf6 18. Bxc6+ bxc6 19. Ke1 Qxg2 20. Rf2 Rh1+
21. Ke2 Ba6+
0-1

[Event "Beth Harmon is nomraH hteB spelled backwards"]
[Site "SchemingMind.com"]
[Date "2021.01.26"]
[Round "-"]
[White "ramesse"]
[Black "Kenny Elliott"]
[Result "1-0"]
[WhiteCountry "SVK"]
[BlackCountry "USA"]
[WhiteElo "2413"]
[WhiteRD "151"]
[BlackElo "1585"]
[BlackRD "58"]
[GameID "707372"]

1. e4 c5 2. Nf3 d6 3. d4 cxd4 4. Nxd4 e5 5. Bb5+ Bd7 6. Bxd7+ Nxd7 7. Nf5 Nb6 8. Nc3 g6 9. Ne3 Bg7 10. a4 a5
11. Nb5 Nc8 12. Nd5 Kd7 13. Qg4+ Kc6 14. Ra3 f5 15. Rc3+ Kd7 16. exf5 Nf6 17. Nxf6+ Bxf6 18. fxg6+ Ke7 19. Rc7+ Ke8 20. Qe6+ Be7
21. Qf7#
1-0

[Event "Beth Harmon is nomraH hteB spelled backwards"]
[Site "SchemingMind.com"]
[Date "2021.01.29"]
[Round "-"]
[White "Steven DuCharme"]
[Black "Daniel Dubé"]
[Result "1-0"]
[WhiteCountry "USA"]
[BlackCountry "CAN"]
[WhiteElo "1609"]
[WhiteRD "59"]
[BlackElo "1645"]
[BlackRD "59"]
[GameID "707481"]

1. Nf3 e6 2. e4 c5 3. d4 cxd4 4. Nxd4 Nf6 5. f3 d5 6. Bb5+ Bd7 7. O-O Qb6 8. Bxd7+ Nbxd7 9. Kh1 Bc5 10. Nb3 h5
11. Nxc5 Qxc5 12. exd5 Nxd5 13. Re1 Rc8 14. Na3 h4 15. c4 N5f6 16. Be3 Qc6 17. b4 a6 18. b5 Qc7 19. Rc1 Nh5 20. c5 axb5
21. Nxb5 Qe5 22. Nd6+ Ke7 23. Nxc8+ Rxc8 24. Qd6+ Qxd6 25. cxd6+ Kd8 26. Rxc8+ Kxc8 27. Bg5 f6 28. Bxh4 g5 29. Rxe6 gxh4 30. Re8#
1-0

[Event "Beth Harmon is nomraH hteB spelled backwards"]
[Site "SchemingMind.com"]
[Date "2021.01.28"]
[Round "-"]
[White "Daniel Dubé"]
[Black "Steven DuCharme"]
[Result "1-0"]
[WhiteCountry "CAN"]
[BlackCountry "USA"]
[WhiteElo "1645"]
[WhiteRD "59"]
[BlackElo "1609"]
[BlackRD "59"]
[GameID "707482"]

1. d4 Nf6 2. c4 e6 3. g3 Bb4+ 4. Bd2 Qe7 5. Bg2 O-O 6. Nf3 c6 7. a3 Bxd2+ 8. Qxd2 a5 9. O-O b6 10. Nc3 Bb7
11. e4 Na6 12. e5 Ne8 13. Rfb1 d5 14. cxd5 cxd5 15. h4 Rc8 16. Qd3 Nb8 17. b4 g6 18. bxa5 bxa5 19. Rb2 Rc7 20. Nb5 Rc4
21. Rab1 Ba6 22. Nd2 Bxb5 23. Rxb5
1-0

[Event "Beth Harmon is nomraH hteB spelled backwards"]
[Site "SchemingMind.com"]
[Date "2021.01.28"]
[Round "-"]
[White "Kenny Elliott"]
[Black "Daniel Dubé"]
[Result "0-1"]
[WhiteCountry "USA"]
[BlackCountry "CAN"]
[WhiteElo "1599"]
[WhiteRD "60"]
[BlackElo "1645"]
[BlackRD "59"]
[GameID "707483"]

1. d4 Nf6 2. c4 e6 3. Nc3 Bb4 4. Bd2 O-O 5. Nf3 d5 6. cxd5 exd5 7. g3 c6 8. Bg2 Bg4 9. O-O Nbd7 10. a3 Bd6
11. Bg5 Qc7 12. Bxf6 Nxf6 13. Qc2 Rfe8 14. e3 b5 15. b4 Nd7 16. Nd2 Qb7 17. e4 dxe4 18. Bxe4 Nf6 19. Bg2 a5 20. Qd3 axb4
21. Nxb5 Bf8 22. a4 Be2 23. Qf5 Bxf1 24. Nxf1 Qb6 25. Bxc6 b3 26. Bxa8 Rxa8 27. Qf3 b2 28. Qb3 bxa1=Q
0-1

[Event "Beth Harmon is nomraH hteB spelled backwards"]
[Site "SchemingMind.com"]
[Date "2021.01.28"]
[Round "-"]
[White "Daniel Dubé"]
[Black "Kenny Elliott"]
[Result "1/2-1/2"]
[WhiteCountry "CAN"]
[BlackCountry "USA"]
[WhiteElo "1635"]
[WhiteRD "60"]
[BlackElo "1553"]
[BlackRD "61"]
[GameID "707484"]

1. d4 d5 2. c4 e6 3. Nf3 Nf6 4. g3 Be7 5. Bg2 O-O 6. O-O Nc6 7. Qc2 dxc4 8. Qxc4 Nd5 9. e4 Nb6 10. Qe2 Nxd4
11. Nxd4 e5 12. Nf5 Bxf5 13. exf5 Rb8 14. Rd1 Qc8 15. Be4 Bf6 16. Nc3 c6 17. g4 g5 18. h4 h6 19. hxg5 hxg5 20. Kg2 Kg7
21. Rh1 Rh8 22. Be3 Qc7 23. Rh5 Rxh5 24. gxh5 Rh8 25. Rh1 Rh6 26. Qd2 Qc8 27. Qd6 Qh8 28. Bf3 Qh7 29. Qd2 Qxf5 30. Ne4 Nc4
31. Qe2 Nxe3+ 32. Qxe3 g4 33. Be2 Rxh5 34. Rxh5 Qxh5 35. Ng3 Qg5 36. Qxg5+ Bxg5 37. Bxg4 f6 38. a4 Kf7 39. Kf3 Ke7 40. Ke4 Kd6
41. b4 Bd2 42. Nf5+ Kc7 43. Kd3 Bxb4 44. Ne3 Bc5 45. Bd1 Bxe3 46. fxe3 b5 47. axb5 cxb5 48. Ke4 a5 49. Kf5 a4 50. Kxf6 Kb6
51. Kxe5 Ka5 52. Kd4 Kb4 53. Bc2 a3 54. Bb1 Kb3 55. Kc5 Kb2 56. Kb4 Kxb1 57. Kxa3 Kc2 58. e4 Kd3 59. e5 Kc3 60. e6 b4+
61. Ka4 b3 62. e7 b2 63. e8=Q b1=Q 64. Qc6+ Kd2 65. Qg2+= Kc3 66. Qc6+ Kd2=
1/2-1/2

[Event "Beth Harmon is nomraH hteB spelled backwards"]
[Site "SchemingMind.com"]
[Date "2021.01.29"]
[Round "-"]
[White "ramesse"]
[Black "Daniel Dubé"]
[Result "1-0"]
[WhiteCountry "SVK"]
[BlackCountry "CAN"]
[WhiteElo "2441"]
[WhiteRD "113"]
[BlackElo "1645"]
[BlackRD "59"]
[GameID "707485"]

1. e4 c5 2. Nf3 Nc6 3. d4 cxd4 4. Nxd4 Nf6 5. Nc3 e5 6. Ndb5 d6 7. Nd5 Nxd5 8. exd5 Nb8 9. a4 a6 10. Na3 Be7
11. Nc4 O-O 12. a5 Nd7 13. Be2 Qc7 14. Be3 f5 15. f3 Nc5 16. b4 Nd7 17. O-O f4 18. Bb6 Nxb6 19. Nxb6 Rb8 20. c4 Bf5
21. Bd3 Bxd3 22. Qxd3 g5 23. Rac1 h5 24. Qg6+ Kh8 25. c5 Rg8 26. Qh6#
1-0

[Event "Beth Harmon is nomraH hteB spelled backwards"]
[Site "SchemingMind.com"]
[Date "2021.01.28"]
[Round "-"]
[White "Daniel Dubé"]
[Black "ramesse"]
[Result "0-1"]
[WhiteCountry "CAN"]
[BlackCountry "SVK"]
[WhiteElo "1625"]
[WhiteRD "59"]
[BlackElo "2413"]
[BlackRD "151"]
[GameID "707486"]

1. d4 d5 2. c4 c6 3. Nc3 Nf6 4. Nf3 e6 5. Bg5 h6 6. Bh4 dxc4 7. e4 g5 8. Bg3 b5 9. Ne5 Nbd7 10. Nxd7 Nxd7
11. e5 Bb7 12. Ne4 c5 13. Nd6+ Bxd6 14. exd6 Qa5+ 15. Qd2 Qxd2+ 16. Kxd2 cxd4 17. Rg1 f6 18. h4 Nc5 19. a4 Nb3+
0-1

[Event "Beth Harmon is nomraH hteB spelled backwards"]
[Site "SchemingMind.com"]
[Date "2021.01.29"]
[Round "-"]
[White "Steven DuCharme"]
[Black "Michael Mollenhauer"]
[Result "0-1"]
[WhiteCountry "USA"]
[BlackCountry "GER"]
[WhiteElo "1571"]
[WhiteRD "55"]
[BlackElo "1486"]
[BlackRD "98"]
[GameID "707510"]

1. g3 e5 2. Bg2 Nc6 3. Nc3 Nf6 4. e3 d5 5. Nge2 Bb4 6. O-O O-O 7. a3 Bxc3 8. Nxc3 Bf5 9. b3 a6 10. Bb2 Re8
11. d3 e4 12. dxe4 dxe4 13. Qxd8 Raxd8 14. Rad1 Bg4 15. Rxd8 Rxd8 16. Nxe4 Nxe4 17. f3 Nd2
0-1

[Event "Beth Harmon is nomraH hteB spelled backwards"]
[Site "SchemingMind.com"]
[Date "2021.01.29"]
[Round "-"]
[White "Michael Mollenhauer"]
[Black "Steven DuCharme"]
[Result "0-1"]
[WhiteCountry "GER"]
[BlackCountry "USA"]
[WhiteElo "1432"]
[WhiteRD "91"]
[BlackElo "1609"]
[BlackRD "59"]
[GameID "707511"]

1. e4 c6 2. d4 d5 3. exd5 cxd5 4. Nc3 Nf6 5. Nf3 e6 6. Bg5 Be7 7. Bb5+ Bd7 8. O-O Nc6 9. Bxc6 Bxc6 10. Re1 O-O
11. h3 h6 12. Bxf6 Bxf6 13. Qd3 a6 14. Ne5 Bxe5 15. dxe5 b5 16. a3 Qb6 17. b4 d4 18. Ne4 Bxe4 19. Rxe4 Rfd8 20. c4 bxc4
21. Qxc4 Rac8 22. Qb3 Rc3 23. Qb2 Qc6 24. Rd1 d3 25. Re3 Rc2 26. Qb1 d2 27. Re2 Rc1
0-1

[Event "Beth Harmon is nomraH hteB spelled backwards"]
[Site "SchemingMind.com"]
[Date "2021.01.29"]
[Round "-"]
[White "Kenny Elliott"]
[Black "Michael Mollenhauer"]
[Result "1-0"]
[WhiteCountry "USA"]
[BlackCountry "GER"]
[WhiteElo "1595"]
[WhiteRD "62"]
[BlackElo "1404"]
[BlackRD "85"]
[GameID "707512"]

1. d4 d5 2. c4 e6 3. Nf3 Nf6 4. Bg5 Be7 5. e3 h6 6. Bxf6 Bxf6 7. Nc3 Nc6 8. cxd5 exd5 9. Bb5 Bd7 10. Bxc6 Bxc6
11. O-O O-O 12. a3 a5 13. Qd2 Re8 14. Rfe1 Qd6 15. b4 axb4 16. axb4 b5 17. Qb2 Be7 18. Ra5 Rxa5 19. bxa5 Ra8 20. Ra1 b4
21. Ne2 Bb5 22. Ng3 c5 23. dxc5 Qxc5 24. Nf5 Bf6 25. Ne5 Bxe5 26. Qxe5 f6 27. Qe6+ Kh8 28. Qf7 Qf8 29. Qxd5 Ba6 30. Rb1 Rb8
31. Nd4 Bb7 32. Qa2 Qe8 33. a6 Be4 34. Rb2 Qd7 35. a7 Ra8 36. Rxb4 Bd5 37. Rb8+ Rxb8 38. axb8=Q+ Kh7 39. Qc2+
1-0

[Event "Beth Harmon is nomraH hteB spelled backwards"]
[Site "SchemingMind.com"]
[Date "2021.01.29"]
[Round "-"]
[White "Michael Mollenhauer"]
[Black "Kenny Elliott"]
[Result "0-1"]
[WhiteCountry "GER"]
[BlackCountry "USA"]
[WhiteElo "1432"]
[WhiteRD "91"]
[BlackElo "1599"]
[BlackRD "60"]
[GameID "707513"]

1. e4 c5 2. Nf3 d6 3. d4 cxd4 4. Nxd4 e5 5. Nf3 Bg4 6. h3 Bxf3 7. Qxf3 Qc7 8. c3 Nf6 9. Bb5+ Nbd7 10. Bg5 Be7
11. Bxf6 Bxf6 12. O-O O-O 13. Bxd7 Qxd7 14. Nd2 b5 15. b4 Bg5 16. Rad1 a5 17. a3 axb4 18. axb4 Ra4 19. Qe2 Ra3 20. Nf3 Bf6
21. c4 bxc4 22. Qxc4 Rc8 23. Ra1 Rxc4 24. Rxa3 Rxb4 25. Rc1 Rb8 26. Rca1 h6
0-1

[Event "Beth Harmon is nomraH hteB spelled backwards"]
[Site "SchemingMind.com"]
[Date "2021.01.28"]
[Round "-"]
[White "ramesse"]
[Black "Michael Mollenhauer"]
[Result "1-0"]
[WhiteCountry "SVK"]
[BlackCountry "GER"]
[WhiteElo "2413"]
[WhiteRD "151"]
[BlackElo "1486"]
[BlackRD "98"]
[GameID "707514"]

1. e4 e5 2. Nf3 Nc6 3. Bb5 a6 4. Ba4 Nf6 5. O-O Be7 6. Re1 O-O 7. Bxc6 dxc6 8. Nxe5 Bd7 9. Nc3 b5 10. d3 Bb4
11. f4 Bxc3 12. bxc3 Re8 13. Be3 a5 14. Qf3 Qc8 15. a4 Bg4 16. Qg3 Qe6 17. Bd4 h6 18. f5 Qc8 19. Nxg4 Nxg4 20. Qxg4
1-0

[Event "Beth Harmon is nomraH hteB spelled backwards"]
[Site "SchemingMind.com"]
[Date "2021.01.28"]
[Round "-"]
[White "Michael Mollenhauer"]
[Black "ramesse"]
[Result "0-1"]
[WhiteCountry "GER"]
[BlackCountry "SVK"]
[WhiteElo "1486"]
[WhiteRD "98"]
[BlackElo "2413"]
[BlackRD "151"]
[GameID "707515"]

1. e4 c5 2. Nf3 d6 3. d4 cxd4 4. Nxd4 Nf6 5. Nc3 a6 6. Bd3 e5 7. Nf3 Be7 8. O-O O-O 9. Re1 Nbd7 10. h3 Nc5
11. Be3 Qc7 12. b4 Nxd3 13. Qxd3 Be6 14. Qd2 Rac8 15. Na4 Nxe4 16. c3 Nxd2 17. Nxd2 b5 18. Nb2 Qxc3 19. Nd1 Qxa1
0-1

[Event "Beth Harmon is nomraH hteB spelled backwards"]
[Site "SchemingMind.com"]
[Date "2021.01.29"]
[Round "-"]
[White "Michael Mollenhauer"]
[Black "Daniel Dubé"]
[Result "0-1"]
[WhiteCountry "GER"]
[BlackCountry "CAN"]
[WhiteElo "1404"]
[WhiteRD "85"]
[BlackElo "1650"]
[BlackRD "61"]
[GameID "707516"]

1. e4 c5 2. Nf3 Nc6 3. d4 cxd4 4. Nxd4 Nf6 5. Nxc6 bxc6 6. Nc3 e5 7. Bc4 Nxe4 8. Nxe4 d5 9. O-O dxc4 10. Qxd8+ Kxd8
11. Rd1+ Kc7 12. Be3 Bf5 13. f3 Bxe4 14. fxe4 Bb4 15. c3 Ba5 16. Rac1 Bb6 17. Bxb6+ axb6 18. a3 Rad8 19. Kf1 Rxd1+ 20. Rxd1 Rd8
21. Rxd8 Kxd8 22. Ke2 b5 23. g4 Ke7 24. Kf3 Kf6 25. b4 cxb3
0-1

[Event "Beth Harmon is nomraH hteB spelled backwards"]
[Site "SchemingMind.com"]
[Date "2021.01.29"]
[Round "-"]
[White "Daniel Dubé"]
[Black "Michael Mollenhauer"]
[Result "1-0"]
[WhiteCountry "CAN"]
[BlackCountry "GER"]
[WhiteElo "1650"]
[WhiteRD "61"]
[BlackElo "1404"]
[BlackRD "85"]
[GameID "707517"]

1. e4 e5 2. Nf3 Nc6 3. d4 exd4 4. Bc4 Bb4+ 5. c3 dxc3 6. bxc3 Bc5 7. Bxf7+ Kxf7 8. Qd5+ Ke8 9. Qxc5 d6 10. Qe3 h6
11. O-O Nf6 12. Ba3 Be6 13. e5 dxe5 14. Nxe5 Nxe5 15. Qxe5 Qc8 16. Re1 Kf7 17. Nd2 Ng4 18. Qf4+ Kg8 19. h3 Nf6 20. Ne4 Nxe4
21. Rxe4 b6 22. Rae1 Qa6 23. Rxe6 Qxa3 24. Re7 Qxa2 25. Qe5
1-0

[Event "Beth Harmon is nomraH hteB spelled backwards"]
[Site "SchemingMind.com"]
[Date "2021.01.30"]
[Round "-"]
[White "Steven DuCharme"]
[Black "Servelión Graterol Hernández"]
[Result "0-1"]
[WhiteCountry "USA"]
[BlackCountry "VEN"]
[WhiteElo "1571"]
[WhiteRD "55"]
[BlackElo "2486"]
[BlackRD "93"]
[GameID "707520"]

1. Nf3 Nf6 2. c4 e6 3. g3 d5 4. cxd5 exd5 5. Bg2 Be7 6. O-O O-O 7. Nc3 d4 8. Nb1 c5 9. b3 Nc6 10. Bb2 Bg4
11. h3 Bf5 12. d3 Nd5 13. Nbd2 Qd7 14. Kh2 Rad8 15. Nc4 Bf6 16. Ng1 Rfe8 17. e4 dxe3 18. Bxf6 Nxf6 19. Nxe3 Bxd3 20. Re1 Ne4
21. Bxe4 Rxe4 22. f3 Rd4 23. Rc1 Ba6
0-1

[Event "Beth Harmon is nomraH hteB spelled backwards"]
[Site "SchemingMind.com"]
[Date "2021.01.29"]
[Round "-"]
[White "Servelión Graterol Hernández"]
[Black "Steven DuCharme"]
[Result "1-0"]
[WhiteCountry "VEN"]
[BlackCountry "USA"]
[WhiteElo "2486"]
[WhiteRD "93"]
[BlackElo "1571"]
[BlackRD "55"]
[GameID "707521"]

1. e4 c5 2. Nf3 Nc6 3. Bb5 Qc7 4. O-O b6 5. Re1 Bb7 6. c3 a6 7. Bf1 e6 8. d4 O-O-O 9. d5 exd5 10. exd5 Nce7
11. d6 Bxf3 12. Bxa6+
1-0

[Event "Beth Harmon is nomraH hteB spelled backwards"]
[Site "SchemingMind.com"]
[Date "2021.01.29"]
[Round "-"]
[White "Kenny Elliott"]
[Black "Servelión Graterol Hernández"]
[Result "0-1"]
[WhiteCountry "USA"]
[BlackCountry "VEN"]
[WhiteElo "1599"]
[WhiteRD "60"]
[BlackElo "2510"]
[BlackRD "88"]
[GameID "707522"]

1. d4 Nf6 2. c4 e6 3. Nc3 Bb4 4. Bd2 O-O 5. Nf3 b6 6. Qb3 c5 7. e3 Bb7 8. Be2 Nc6 9. a3 Bxc3 10. Bxc3 cxd4
11. exd4 Rb8 12. O-O d5 13. cxd5 Nxd5 14. Qc2 Nf4 15. Bd3 Nxd3 16. Qxd3 Qd5 17. Rad1 Rbc8 18. Rfe1 h6 19. Re3 Rfd8 20. Rde1 Ne7
21. Re4 Qh5 22. Rh4 Qf5 23. Qxf5 Nxf5 24. Rg4 Bxf3 25. gxf3 Rc6 26. Rge4 Ne7 27. R1e2 Nd5 28. Be1 Rc1 29. Kg2 f5 30. Rh4 Kf7
31. f4 Rdc8 32. f3 R8c2 33. Rxc2 Rxc2+ 34. Kh3 Rxb2 35. Bg3 Rb3 36. a4 Rxf3 37. Kg2 Ra3 38. Rh3 Rxa4 39. Bf2 Nxf4+ 40. Kg3 Nxh3
41. Kxh3 b5 42. Bg3 b4 43. Be5 b3 44. Kg3 b2
0-1

[Event "Beth Harmon is nomraH hteB spelled backwards"]
[Site "SchemingMind.com"]
[Date "2021.01.29"]
[Round "-"]
[White "Servelión Graterol Hernández"]
[Black "Kenny Elliott"]
[Result "1-0"]
[WhiteCountry "VEN"]
[BlackCountry "USA"]
[WhiteElo "2486"]
[WhiteRD "93"]
[BlackElo "1585"]
[BlackRD "58"]
[GameID "707523"]

1. e4 c5 2. Nf3 d6 3. d4 cxd4 4. Nxd4 e5 5. Bb5+ Bd7 6. Bxd7+ Qxd7 7. Ne2 Nf6 8. Nbc3 Be7 9. Bg5 O-O 10. h4 Ng4
11. Ng3 h6 12. Bxe7 Nxf2 13. Kxf2 Qxe7 14. Nf5 Qf6 15. Nd5 Qd8 16. Qg4 g6 17. h5 Kh7 18. hxg6+ fxg6 19. Rxh6+ Kg8 20. Qxg6#
1-0

[Event "Beth Harmon is nomraH hteB spelled backwards"]
[Site "SchemingMind.com"]
[Date "2021.01.28"]
[Round "-"]
[White "ramesse"]
[Black "Servelión Graterol Hernández"]
[Result "1/2-1/2"]
[WhiteCountry "SVK"]
[BlackCountry "VEN"]
[WhiteElo "2558"]
[WhiteRD "79"]
[BlackElo "2555"]
[BlackRD "76"]
[GameID "707524"]

1. e4 e5 2. Nf3 Nc6 3. Bb5 a6 4. Ba4 Nf6 5. O-O Be7 6. Re1 b5 7. Bb3 O-O 8. c3 d5 9. exd5 Nxd5 10. Nxe5 Nxe5
11. Rxe5 c6 12. d4 Bd6 13. Re1 Qh4 14. g3 Qh3 15. Be3 Be6 16. Qf3 a5 17. Qg2 Qf5 18. Bd1 b4 19. c4 Nxe3 20. fxe3 Bxc4
21. Nd2 Bb5 22. Rc1 Rad8 23. Nb3 a4 24. Nc5 Bxc5 25. Rxc5 Rd5 26. Rc1 Qd7 27. b3 axb3 28. Bxb3 Rg5 29. Qf2 h5 30. e4 h4
31. e5 Rg6 32. Re3 hxg3 33. Rxg3 Bd3 34. e6 Rxg3+ 35. hxg3 fxe6 36. Qe3 Bf5 37. Rf1 Rf7 38. Rf4 g5 39. Rxf5 exf5 40. Qxg5+ Kf8
41. Qh6+ Ke8=
1/2-1/2

[Event "Beth Harmon is nomraH hteB spelled backwards"]
[Site "SchemingMind.com"]
[Date "2021.01.28"]
[Round "-"]
[White "Servelión Graterol Hernández"]
[Black "ramesse"]
[Result "1/2-1/2"]
[WhiteCountry "VEN"]
[BlackCountry "SVK"]
[WhiteElo "2568"]
[WhiteRD "67"]
[BlackElo "2568"]
[BlackRD "73"]
[GameID "707525"]

1. c4 e5 2. g3 Nf6 3. Bg2 d5 4. cxd5 Nxd5 5. Nc3 Nb6 6. Nf3 Nc6 7. O-O Be7 8. a3 O-O 9. b4 Be6 10. Rb1 f6
11. d3 a5 12. b5 Nd4 13. Nd2 Qc8 14. e3 Nf5 15. Qc2 Rd8 16. Bb2 Nd6 17. Rfc1 a4 18. Nde4 Ne8 19. Qe2 Bg4 20. Qf1 Qd7
21. h3 Bh5 22. g4 Bf7 23. Rd1 Bb3 24. Rd2 Qe6 25. Rc1 Rac8 26. Qe2 Qf7 27. Nb1 Kh8 28. Kh2 c5 29. bxc6 Rxc6 30. Rxc6 bxc6
31. Qe1 h6 32. Nbc3 Nc7 33. Ng3 Nb5 34. Nce4 Nxa3 35. Qc1 Qf8 36. f4 exf4 37. exf4 Nc2 38. Rxc2 Bxc2 39. Qxc2 a3 40. Ba1 Nd5
41. Nh5 Qe8 42. Qc1 a2 43. Bf3 Rb8 44. Qc4 Ra8 45. h4 Bf8 46. g5 hxg5 47. hxg5 f5 48. Neg3 Qd7 49. Qb3 Nb4 50. g6 Re8
51. Qa4 Re7 52. Qa5 c5 53. d4 cxd4 54. Nxf5 Qc7 55. Qb5 Qd7 56. Qa5 Qc7 57. Qb5 Qd7 58. Qa5=
1/2-1/2

[Event "Beth Harmon is nomraH hteB spelled backwards"]
[Site "SchemingMind.com"]
[Date "2021.01.30"]
[Round "-"]
[White "Michael Mollenhauer"]
[Black "Servelión Graterol Hernández"]
[Result "0-1"]
[WhiteCountry "GER"]
[BlackCountry "VEN"]
[WhiteElo "1432"]
[WhiteRD "91"]
[BlackElo "2510"]
[BlackRD "88"]
[GameID "707526"]

1. e4 c5 2. Nf3 d6 3. d4 cxd4 4. Nxd4 Nf6 5. Nc3 a6 6. Be2 e5 7. Nf3 Be7 8. O-O O-O 9. h3 Be6 10. Ng5 Bd7
11. Be3 Bc6 12. a4 h6 13. Nf3 Nxe4 14. Nxe4 Bxe4 15. Nd2 Bc6 16. b4 d5 17. c3 d4 18. cxd4 exd4 19. Bf4 d3 20. Bf3 Bxb4
21. Bxb8 Rxb8 22. Bxc6 bxc6 23. Rb1 Bxd2 24. Qxd2 Rxb1 25. Rxb1 c5 26. Rc1 Qd4 27. a5 Re8 28. g3 Re2
0-1

[Event "Beth Harmon is nomraH hteB spelled backwards"]
[Site "SchemingMind.com"]
[Date "2021.01.29"]
[Round "-"]
[White "Servelión Graterol Hernández"]
[Black "Michael Mollenhauer"]
[Result "1-0"]
[WhiteCountry "VEN"]
[BlackCountry "GER"]
[WhiteElo "2510"]
[WhiteRD "88"]
[BlackElo "1432"]
[BlackRD "91"]
[GameID "707527"]

1. Nf3 d5 2. d4 Nf6 3. c4 Nc6 4. cxd5 Nxd5 5. e4 Nb6 6. d5 Nb4 7. a3 Na6 8. Nc3 Bg4 9. Be3 e6 10. Bxb6 axb6
11. Bb5+ Ke7 12. h3 Bxf3 13. Qxf3 Qd6 14. dxe6 Qxe6 15. O-O Kd8 16. Rfd1+ Bd6 17. e5 Nc5 18. exd6 cxd6 19. b4 Nd7 20. Qxb7 Rb8
21. Qa7 Ke7 22. Nd5+
1-0

[Event "Beth Harmon is nomraH hteB spelled backwards"]
[Site "SchemingMind.com"]
[Date "2021.01.29"]
[Round "-"]
[White "Daniel Dubé"]
[Black "Servelión Graterol Hernández"]
[Result "0-1"]
[WhiteCountry "CAN"]
[BlackCountry "VEN"]
[WhiteElo "1645"]
[WhiteRD "59"]
[BlackElo "2510"]
[BlackRD "88"]
[GameID "707528"]

1. d4 Nf6 2. c4 e6 3. g3 Bb4+ 4. Bd2 Be7 5. Nf3 d5 6. Bg2 O-O 7. O-O c6 8. Bg5 Nbd7 9. Nc3 dxc4 10. e4 b5
11. e5 Nd5 12. Bxe7 Qxe7 13. Ne4 a5 14. Nd6 N7b6 15. h4 f5 16. a4 Bd7 17. axb5 cxb5 18. Ng5 Bc6 19. f4 h6 20. Nf3 Ne3
21. Qe2 Nxf1 22. Rxf1 Nc8 23. Nd2 Bxg2 24. Qxg2 Nxd6 25. exd6 Qxd6 26. Nf3 b4 27. Qf2 a4 28. Ne5 c3 29. bxc3 b3 30. Nc4 Qc6
31. Qe2 a3 32. Ra1 b2
0-1